[Event "RUS-ch U10"]
[Site "Dagomys"]
[Date "2009.04.??"]
[Round "1"]
[White "Galyaev, Ivan"]
[Black "Lazarev, Alexander A"]
[Result "0-1"]
[WhiteElo "1826"]
[BlackElo "2013"]
[PlyCount "152"]
[EventDate "2009.04.15"]
[EventType "swiss"]
[EventRounds "9"]
[EventCountry "RUS"]
[SourceTitle "EXT 2012"]
[Source "ChessBase"]
[SourceDate "2011.11.24"]
[SourceVersion "1"]
[SourceVersionDate "2011.11.24"]
[SourceQuality "1"]

1. e4 e5 2. f4 c6 3. Nf3 exf4 4. d4 g5 5. h4 Be7 6. hxg5 Bxg5 7. Rh5 f6 8. Bd3 Bh6 9. e5 d6 10. Qe2 Kf7 11. exd6 Qxd6 12. Bc4+ Be6 13. Bxe6+ Qxe6 14. Qxe6+ Kxe6 15. g3 Nd7 16. gxf4 Bg7 17. Be3 Ne7 18. Nc3 Kf7 19. Kf2 Rac8 20. Ne4 Kg6 21. Rh2 h6 22. Rg1+ Kh7 23. Nd6 Rc7 24. Rhg2 Rg8 25. f5 Bf8 26. Rxg8 Nxg8 27. Bf4 Bxd6 28. Bxd6 Rc8 29. c4 Re8 30. c5 Re4 31. b4 Ne7 32. Bxe7 Rxe7 33. Re1 Rxe1 34. Nxe1 Nb8 35. Nc2 Na6 36. a3 Nc7 37. Ne3 Nb5 38. Nc2 h5 39. a4 Nc3 40. a5 Kh6 41. Ne3 Kg5 42. a6 bxa6 43. d5 cxd5 44. c6 Ne4+ 45. Kf3 Nd6 46. Nxd5 Kxf5 47. c7 Ke6 48. Nf4+ Kd7 49. Nxh5 Ne8 50. Ke4 Kxc7 51. Kd5 Kd7 52. Nf4 Nc7+ 53. Kc4 Kd6 54. Nd3 f5 55. Kd4 Ne6+ 56. Kc4 f4 57. Nf2 Kc6 58. Ne4 f3 59. Nf2 Ng5 60. Kd4 Kb5 61. Kc3 a5 62. bxa5 Kxa5 63. Kc4 Kb6 64. Kb4 a5+ 65. Ka4 Ka6 66. Ka3 Kb5 67. Kb3 a4+ 68. Ka3 Ka5 69. Kb2 Ne6 70. Kc3 Kb5 71. Ne4 Nc5 72. Nf2 a3 73. Kc2 Kc4 74. Kb1 Nd3 75. Nd1 Kb3 76. Ka1 Ne1 0-1

[Event "Moscow op-B"]
[Site "Moscow"]
[Date "2009.02.06"]
[Round "7"]
[White "Galyaev, Ivan"]
[Black "Alieva, Nurlana"]
[Result "1/2-1/2"]
[WhiteElo "1400"]
[BlackElo "1874"]
[PlyCount "68"]
[EventDate "2009.01.31"]
[EventType "swiss"]
[EventRounds "9"]
[EventCountry "RUS"]
[SourceTitle "EXT 2012"]
[Source "ChessBase"]
[SourceDate "2011.11.24"]
[SourceVersion "1"]
[SourceVersionDate "2011.11.24"]
[SourceQuality "1"]

1. e4 c5 2. c3 e6 3. d4 a6 4. Nf3 b5 5. Bd3 Bb7 6. 0-0 Qc7 7. Qe2 d6 8. Bf4 Nd7 9. Nbd2 Ngf6 10. a4 c4 11. Bc2 Rc8 12. axb5 axb5 13. Ra3 Be7 14. Rfa1 0-0 15. Bg5 Rfe8 16. Ra5 Qc6 17. e5 dxe5 18. dxe5 Nd5 19. Bxe7 Rxe7 20. Be4 Qb6 21. Nd4 Rc5 22. N2f3 b4 23. Rxc5 Qxc5 24. cxb4 Qxb4 25. Qc2 g6 26. Ra4 Qb6 27. Rxc4 Nb4 28. Qe2 Bxe4 29. Qxe4 Nc5 30. Qe3 Nbd3 31. Nc2 Qxb2 32. Rxc5 Nxc5 33. Qxc5 Qb1+ 34. Nce1 Rb7 1/2-1/2

[Event "Moscow op-B"]
[Site "Moscow"]
[Date "2009.02.04"]
[Round "5"]
[White "Galyaev, Ivan"]
[Black "Krutov, Sergey"]
[Result "1/2-1/2"]
[WhiteElo "1400"]
[BlackElo "1899"]
[PlyCount "64"]
[EventDate "2009.01.31"]
[EventType "swiss"]
[EventRounds "9"]
[EventCountry "RUS"]
[SourceTitle "EXT 2012"]
[Source "ChessBase"]
[SourceDate "2011.11.24"]
[SourceVersion "1"]
[SourceVersionDate "2011.11.24"]
[SourceQuality "1"]

1. e4 e5 2. f4 Bc5 3. Nf3 d6 4. Nc3 Nc6 5. Na4 Bb6 6. Nxb6 axb6 7. d4 exd4 8. Nxd4 Nge7 9. Bc4 0-0 10. 0-0 Nxd4 11. Qxd4 Nc6 12. Qc3 Be6 13. Bd3 f5 14. b3 fxe4 15. Bxe4 Qe7 16. Bb2 d5 17. Bd3 Qc5+ 18. Qxc5 bxc5 19. f5 Bf7 20. a3 d4 21. Rae1 Rae8 22. Bb5 Bd5 23. Rxe8 Rxe8 24. b4 cxb4 25. axb4 Rd8 26. Bxc6 Bxc6 27. Rd1 Ba4 28. Rxd4 Rxd4 29. Bxd4 Bxc2 30. f6 gxf6 31. Bxf6 Kf7 32. Be5 c6 1/2-1/2

[Event "Moscow op-B"]
[Site "Moscow"]
[Date "2009.02.03"]
[Round "4"]
[White "Voronov, Vladimir Yu"]
[Black "Galyaev, Ivan"]
[Result "1/2-1/2"]
[WhiteElo "1926"]
[BlackElo "1400"]
[PlyCount "42"]
[EventDate "2009.01.31"]
[EventType "swiss"]
[EventRounds "9"]
[EventCountry "RUS"]
[SourceTitle "EXT 2012"]
[Source "ChessBase"]
[SourceDate "2011.11.24"]
[SourceVersion "1"]
[SourceVersionDate "2011.11.24"]
[SourceQuality "1"]

1. Nf3 Nf6 2. e3 d5 3. c4 c6 4. Qb3 Qc7 5. d4 Bf5 6. Nc3 e6 7. Bd2 Bd6 8. Rc1 Nbd7 9. cxd5 exd5 10. Nb5 Qb8 11. Nxd6+ Qxd6 12. Qxb7 Rb8 13. Qxc6 Qxc6 14. Rxc6 Rxb2 15. Rc8+ Ke7 16. Rxh8 Rb1+ 17. Ke2 Bc2 18. Ra8 Bd1+ 19. Kd3 Ne4 20. Be1 Rc1 21. Rxa7 Bc2+ 1/2-1/2

[Event "Moscow op-B"]
[Site "Moscow"]
[Date "2009.02.01"]
[Round "3"]
[White "Galyaev, Ivan"]
[Black "Voronkov, Denis"]
[Result "0-1"]
[WhiteElo "1400"]
[BlackElo "1960"]
[PlyCount "44"]
[EventDate "2009.01.31"]
[EventType "swiss"]
[EventRounds "9"]
[EventCountry "RUS"]
[SourceTitle "EXT 2012"]
[Source "ChessBase"]
[SourceDate "2011.11.24"]
[SourceVersion "1"]
[SourceVersionDate "2011.11.24"]
[SourceQuality "1"]

1. e4 e6 2. d4 d5 3. e5 c5 4. c3 Nc6 5. Nf3 Qb6 6. a3 a5 7. b3 Bd7 8. Be3 Rc8 9. c4 cxd4 10. Bxd4 Nxd4 11. Qxd4 Bc5 12. Qb2 Bc6 13. Nbd2 Bxf2+ 14. Kd1 Ne7 15. Bd3 Rd8 16. Kc2 Ng6 17. Bxg6 hxg6 18. Rhf1 dxc4 19. Nxc4 Be4+ 20. Kc1 Be3+ 21. Ncd2 Bxd2+ 22. Qxd2 Rxd2 0-1